| 000 | 01155pam a2200337 i 4500 | ||
|---|---|---|---|
| 999 |
_c29016 _d28987 |
||
| 001 | 018149647 | ||
| 003 | EG-ScBUE | ||
| 005 | 20201107093227.0 | ||
| 008 | 161214t2004 nyua f b 000 0 eng d | ||
| 020 | _a0375764313 | ||
| 020 | _z9780375764318 | ||
| 040 |
_aStDuBDS _beng _erda _cStDuBDS _dUk _dEG-ScBUE |
||
| 082 | 0 | 4 |
_a378.1662 _bMAR _222 |
| 100 | 1 |
_aMartz, Geoff, _eauthor. |
|
| 245 | 1 | 0 |
_aReading and writing workout for the SAT / _cby Geoff Martz ; updated by Doug Pierce. |
| 264 | 1 |
_aNew York : _bRandom House, Inc. : _bThe Princeton Review, _c[2004] |
|
| 264 | 4 | _cc2004 | |
| 300 |
_a200 pages, 17 unnumbered pages : _billustrations (black and white) ; _c28 cm |
||
| 336 |
_atext _2rdacontent _btxt |
||
| 337 |
_aunmediated _2rdamedia _bn |
||
| 338 |
_avolume _2rdacarrier _bnc |
||
| 500 | _a"ISSN 1551-6423"--Title page verso. | ||
| 500 |
_aFormerly CIP. _5Uk |
||
| 504 | _aIncludes bibliographical references. | ||
| 650 | 7 |
_aSAT (Educational test) _vStudy guides. _2BUEsh |
|
| 653 |
_bGGEN _cNovember2020 |
||
| 655 |
_vReading book _934232 |
||
| 700 | 1 |
_aPierce, Douglas, _eauthor. |
|
| 730 | 0 | _aPrinceton Review series. | |
| 942 |
_2ddc _cBB |
||